=LDR 00000nam 2200000 4500 =001 INLIS000000000007722 =005 20130612095657 =008 ***********************************Ind** =035 ##$$0010-061300000007722 =041 ##$$a Ind =082 ##$$a 194.109 =090 ##$$a 194.109, Har s =100 ##$$a HARAPAN, F.K.N =245 ##$$a Sejarah Catur Indonesia, F.K.N. Harahap =260 ##$$a 1986 $b Bandung =300 ##$$a xxiv, 479 hlm., ilus., 21 cm =650 ##$$a Catur - Indonesia - Sejarah =990 ##$$a 0001/BPAP-NTB/20142015 =990 ##$$a 0001/BPAP-NTB/20142015